<?xml version="1.0" encoding="UTF-8"?>
<record
    xmlns:xsi="http://www.w3.org/2001/XMLSchema-instance"
    xsi:schemaLocation="http://www.loc.gov/MARC21/slim http://www.loc.gov/standards/marcxml/schema/MARC21slim.xsd"
    xmlns="http://www.loc.gov/MARC21/slim">

  <leader>01030nam a2200289 i 4500</leader>
  <controlfield tag="003">DO-SdBNP</controlfield>
  <controlfield tag="005">20230904154126.0</controlfield>
  <controlfield tag="007">ta</controlfield>
  <controlfield tag="008">211104b2007       abo|d |||| 001 0 spa d</controlfield>
  <datafield tag="020" ind1=" " ind2=" ">
    <subfield code="a">9945170139</subfield>
  </datafield>
  <datafield tag="040" ind1=" " ind2=" ">
    <subfield code="a">DO-SdBNP</subfield>
    <subfield code="b">spa</subfield>
    <subfield code="c">BNPHU</subfield>
    <subfield code="e">rda</subfield>
  </datafield>
  <datafield tag="082" ind1="4" ind2=" ">
    <subfield code="2">22</subfield>
    <subfield code="a">372.84</subfield>
    <subfield code="b">R426f</subfield>
  </datafield>
  <datafield tag="110" ind1=" " ind2=" ">
    <subfield code="a">Rep&#xFA;blica Dominicana. </subfield>
    <subfield code="9">607</subfield>
    <subfield code="b">Secretar&#xED;a de Estado de Educaci&#xF3;n </subfield>
  </datafield>
  <datafield tag="245" ind1="1" ind2="0">
    <subfield code="a">Formaci&#xF3;n integral humana y religiosa : </subfield>
    <subfield code="b">Educaci&#xF3;n b&#xE1;sica 5to. grado; nivel b&#xE1;sico /</subfield>
  </datafield>
  <datafield tag="264" ind1=" " ind2=" ">
    <subfield code="a">Santo Domingo : </subfield>
    <subfield code="b">SM.</subfield>
    <subfield code="b">Secretar&#xED;a de Estado de Educaci&#xF3;n </subfield>
    <subfield code="c">2007.</subfield>
  </datafield>
  <datafield tag="300" ind1=" " ind2=" ">
    <subfield code="a">120 p. : </subfield>
    <subfield code="b">ilustraciones, mapas, fotograf&#xED;as. .</subfield>
    <subfield code="c">28 cm</subfield>
  </datafield>
  <datafield tag="336" ind1=" " ind2=" ">
    <subfield code="2">rdacontent</subfield>
    <subfield code="a">texto</subfield>
    <subfield code="b">txt</subfield>
  </datafield>
  <datafield tag="337" ind1=" " ind2=" ">
    <subfield code="2">radmedia</subfield>
    <subfield code="a">sin mediaci&#xF3;n</subfield>
    <subfield code="b">n</subfield>
  </datafield>
  <datafield tag="338" ind1=" " ind2=" ">
    <subfield code="2">rdacarrier</subfield>
    <subfield code="a">volumen</subfield>
    <subfield code="b">nc</subfield>
  </datafield>
  <datafield tag="500" ind1=" " ind2=" ">
    <subfield code="a">Libro de texto de educaci&#xF3;n b&#xE1;sica.</subfield>
  </datafield>
  <datafield tag="500" ind1=" " ind2=" ">
    <subfield code="a">Gesti&#xF3;n educativa 2004-2008.</subfield>
  </datafield>
  <datafield tag="590" ind1=" " ind2=" ">
    <subfield code="a">Inventariado, 2023/ YL</subfield>
  </datafield>
  <datafield tag="650" ind1="4" ind2=" ">
    <subfield code="a">Formaci&#xF3;n integral</subfield>
    <subfield code="9">80487</subfield>
  </datafield>
  <datafield tag="650" ind1="4" ind2=" ">
    <subfield code="a">Frmaci&#xF3;n </subfield>
    <subfield code="v">Humana</subfield>
    <subfield code="x">Religiosa</subfield>
    <subfield code="9">80488</subfield>
  </datafield>
  <datafield tag="910" ind1=" " ind2=" ">
    <subfield code="a">YLockward</subfield>
  </datafield>
  <datafield tag="942" ind1=" " ind2=" ">
    <subfield code="2">ddc</subfield>
    <subfield code="c">LBS1</subfield>
  </datafield>
  <datafield tag="952" ind1=" " ind2=" ">
    <subfield code="0">0</subfield>
    <subfield code="1">0</subfield>
    <subfield code="2">ddc</subfield>
    <subfield code="5">1</subfield>
    <subfield code="7">0</subfield>
    <subfield code="8">CIJ-PD</subfield>
    <subfield code="a">BNPHU</subfield>
    <subfield code="b">BNPHU</subfield>
    <subfield code="c">CT</subfield>
    <subfield code="d">2018-09-04</subfield>
    <subfield code="e">CERTV</subfield>
    <subfield code="l">0</subfield>
    <subfield code="o">372.84 R426f</subfield>
    <subfield code="p">2023-5645</subfield>
    <subfield code="r">2023-09-04</subfield>
    <subfield code="w">2023-09-04</subfield>
    <subfield code="y">LBS1</subfield>
  </datafield>
  <datafield tag="999" ind1=" " ind2=" ">
    <subfield code="c">54619</subfield>
    <subfield code="d">54619</subfield>
  </datafield>
</record>
